| 000 | 00541nam a22002177a 4500 | ||
|---|---|---|---|
| 003 | UA-OsUOA | ||
| 001 | 70504 | ||
| 007 | ta | ||
| 008 | 20100906b un ||||| |||| 00| 0 ukr d | ||
| 090 | _a821.162.1 | ||
| 942 | _cBK | ||
| 040 |
_aUA-OsUOA _bpol _cUA-OsUOA _dUA-OsUOA |
||
| 245 |
_aRelacje polsko-rumunskie _cIachimovschi S. |
||
| 300 | _a350 с. | ||
| 955 | _a2 | ||
| 041 | _apol | ||
| 080 | _a821.162.1 | ||
| 260 |
_aSuceava _c2004 |
||
| 650 | 7 |
_a82 Література. Літературознавство _2UDC |
|
| 999 |
_c356776 _d356776 |
||